LEADER 01641oam 2200457z- 450 001 9910694309003321 005 20100112093544.0 035 $a(CKB)5470000000937763 035 $a(WsH)fdsysajmd 035 $a(BIP)018689924 035 $a(EXLCZ)995470000000937763 100 $a20211006c2007uuuu -u- - 101 0 $aeng 200 10$aPreserving the rule of law in the fight against terrorism $ehearing before the Committee on the Judiciary, United States Senate, One Hundred Tenth Congress, first session, October 2, 2007 215 $a1 online resource (iii, 70 p.) 311 $a0-16-079914-7 517 $aPreserving the Rule of Law in the Fight against Terrorism 606 $aRule of law$zUnited States 606 $aDue process of law$zUnited States 606 $aExecutive power$zUnited States 606 $aCivil rights$zUnited States 606 $aWar on Terrorism, 2001-2009$xGovernment policy$zUnited States 606 $aNational security$xLaw and legislation$zUnited States 610 $aRule of law 610 $aDue process of law 610 $aExecutive power 610 $aCivil rights 610 $aWar on terrorism, 2001-2009 610 $aNational security 610 $aLaw 610 $aPolitical science 615 0$aRule of law 615 0$aDue process of law 615 0$aExecutive power 615 0$aCivil rights 615 0$aWar on Terrorism, 2001-2009$xGovernment policy 615 0$aNational security$xLaw and legislation 906 $aBOOK 912 $a9910694309003321 996 $aPreserving the rule of law in the fight against terrorism$93102545 997 $aUNINA